Every Meshuggah songs by Albums (2008-2022) Part 2 - Statistics

General Stats
  • This quiz has been taken 49 times
  • The average score is 18 of 42
Answer Stats
Answer % Correct
Bleed
91%
Obzen
87%
Demiurge
78%
Combustion
74%
Dancers to a Discordant System
74%
Electric Red
74%
Lethargica
70%
I Am Colossus
65%
Pravus
61%
Clockworks
57%
Pineal Gland Optics
57%
Broken Cog
48%
Marrow
48%
The Demon's Name is Surveillance
48%
Do Not Look Down
43%
Ivory Tower
43%
Ligature Marks
43%
Monstrocity
43%
Swarm
43%
The Spiteful Snake
43%
Behind the Sun
39%
Break Those Bones Whose Sinews Gave It Motion
39%
The Abysmal Eye
39%
Violent Sleep of Reason
39%
God He Sees In Mirrors
35%
The Last Vigil
35%
Born In Dissonance
30%
I Am That Thirst
30%
Light The Shortening Fuse
30%
The Hurt That Finds You First
30%
Black Cathedral
26%
Kaleidoscope
26%
Phantoms
26%
By the Ton
22%
Nostrum
22%
They Move Below
22%
Armies of the Preposterous
17%
Our Rage Won't Die
17%
Past Tense
13%
Stifled
13%
The Faultless
13%
Into Decay
9%
No matching quizzes found
Score Distribution
Percent of People with Each Score
Percentile by Number Answered
Your Score History
You have not taken this quiz